La culture des sans-culottes (Record no. 170052)

MARC details
000 -LEADER
campo de control de longitud fija 00919nam a2200253 i 4500
001 - NÚMERO DE CONTROL
campo de control 170052
003 - IDENTIFICADOR DE NÚMERO DE CONTROL
campo de control ES-MaACL
005 - FECHA Y HORA DE LA ÚLTIMA TRANSACCIÓN
campo de control 20231103062537.0
008 - DATOS DE LONGITUD FIJA--INFORMACIÓN GENERAL
campo de control de longitud fija 090120s1989 fr |||| | fre d
020 ## - NÚMERO INTERNACIONAL ESTÁNDAR DEL LIBRO
Número Internacional Estándar del Libro 2-905291-12-5
080 ## - NÚMERO DE LA CLASIFICACIÓN DECIMAL UNIVERSAL
Número de la Clasificación Decimal Universal 94(44)"1789/99"
080 ## - NÚMERO DE LA CLASIFICACIÓN DECIMAL UNIVERSAL
Número de la Clasificación Decimal Universal 008(44)"1789/99"
100 1# - ENTRADA PRINCIPAL--NOMBRE DE PERSONA
Nombre de persona Deloche, Bernard.
9 (RLIN) 139207
245 13 - MENCIÓN DEL TÍTULO
Título La culture des sans-culottes
Resto del título : le premier dossier du patrimoine, 1789-1798 /
Mención de responsabilidad, etc. Bernard Deloche, Jean-Michel Leniaud.
260 ## - PUBLICACIÓN, DISTRIBUCIÓN, ETC.
Lugar de publicación, distribución, etc. Paris :
Nombre del editor, distribuidor, etc. Les Éditions de Paris,
Fecha de publicación, distribución, etc. 1989.
300 ## - DESCRIPCIÓN FÍSICA
Extensión 447 p. :
Otras características físicas il. ;
Dimensiones 24 cm.
500 ## - NOTA GENERAL
Nota general Índices.
651 #4 - PUNTO DE ACCESO ADICIONAL DE MATERIA--NOMBRE GEOGRÁFICO
Nombre geográfico Francia-
Subdivisión general Historia-
Subdivisión cronológica 1789-1799, Revolución
9 (RLIN) 8685
651 #4 - PUNTO DE ACCESO ADICIONAL DE MATERIA--NOMBRE GEOGRÁFICO
Nombre geográfico Francia-
Subdivisión general Vida intelectual-
Subdivisión cronológica S.XVIII.
9 (RLIN) 172465
651 #4 - PUNTO DE ACCESO ADICIONAL DE MATERIA--NOMBRE GEOGRÁFICO
Nombre geográfico Francia-
Subdivisión general Situación social-
Subdivisión cronológica S.XVIII.
9 (RLIN) 8719
700 1# - ENTRADA AGREGADA--NOMBRE PERSONAL
Nombre de persona Leniaud, Jean-Michel.
9 (RLIN) 139208
852 4# - LOCALIZACIÓN
Ubicación ES-MaACL
Número de control de estantería E-12402
Nota libre - Biblioteca Jacinto Martínez Lacalle
Holdings
Estatus retirado Estado de pérdida Estado de daño No para préstamo Biblioteca de origen Biblioteca actual Ubicación en estantería Fecha de adquisición Fuente de adquisición Total de préstamos Signatura topográfica completa Código de barras Visto por última vez Precio de reemplazo Tipo de ítem Koha
        Biblioteca del Ateneo de Madrid Biblioteca del Ateneo de Madrid Depósito 2 20/01/2009     E-12402 1178527 23/02/2023 23/02/2023 Libro impreso